| 000 | 00722nam a22002057a 4500 | ||
|---|---|---|---|
| 999 |
_c20574 _d20574 |
||
| 003 | AR-CdUCM | ||
| 008 | 190531b ||||| |||| 00| 0 spa d | ||
| 040 |
_aMUNICIPALIDAD PROVINCIAL DEL CUSCO _cBIBLIOTECA MUNICIPAL DEL CUSCO |
||
| 082 |
_a891.741 / _bG669 |
||
| 100 |
_aGorki, Máximo _99896 |
||
| 245 |
_aHombres de la estepa : _bChelkax Mi compañero : _bEl abuelo Arkip y Lenka / |
||
| 260 |
_aBuenos Aires : _bEdit. Poseidon, _c1943. |
||
| 300 |
_a195 páginas ; _c17 cm. |
||
| 505 | _aContenido: Chelkax -- Mi compañero -- El abuelo Arkhip y Lenka. | ||
| 650 |
_aNovela _95 |
||
| 650 |
_aLiteratura _983 |
||
| 700 |
_aLaribal, Heriberto (traducción) _943012 |
||
| 942 |
_2ddc _cLIBROS |
||
| 945 |
_adavv _d2019-05-31 |
||